Metro più grandi al mondo - Statistics

Statistiche generali
  • Questo quiz è stato fatto 134 volte
  • Il punteggio medio è 8 su 10
Statistiche sulle risposte
KM CITTÀ % Corretto
368 NEW YORK
97%
460 LONDRA
93%
219 PARIGI
92%
465 PECHINO
92%
292 TOKYO
92%
325 MOSCA
85%
324 MADRID
78%
469 SHANGHAI
72%
220 CITTÀ DEL MESSICO
44%
537 SEOUL
31%
Nessun quiz corrispondente trovato
Distribuzione punteggi
Percentuale di utenti per punteggio
Percentile per numero di risposta
I tuoi punteggi nel tempo
Non hai fatto questo quiz